000 00342nam a2200121 i 4500
001 bg
245 0 _aAachener Werkzeugmaschinen :
_bKolloquium.
_nKoll. 12,
_pWege zur Kostensenkung in der Einzel- und Sierienfertigung.
260 _aEssen,
_c1965.
040 _cBPK
041 _apol
942 _cKS
008 s pl f |000 0 pol
999 _c15752
_d15752
856 _uhttp://koha.tu.koszalin.pl/cgi-bin/koha/opac-detail.pl?biblionumber=15752
_yKatalog online BPK